Verdades y mitos de la Iglesia Católica : (Record no. 1643)

MARC details
000 -LEADER
fixed length control field 01497cam a22004217i 4500
001 - CONTROL NUMBER
control field data
005 - DATE AND TIME OF LATEST TRANSACTION
control field 20260322212110.0
008 - FIXED-LENGTH DATA ELEMENTS--GENERAL INFORMATION
fixed length control field data
035 ## - SYSTEM CONTROL NUMBER
System control number 20999932
010 ## - LIBRARY OF CONGRESS CONTROL NUMBER
LC control number 2019421339
020 ## - INTERNATIONAL STANDARD BOOK NUMBER
International Standard Book Number 9788497391832
020 ## - INTERNATIONAL STANDARD BOOK NUMBER
International Standard Book Number 8497391837
035 ## - SYSTEM CONTROL NUMBER
System control number (OCoLC)1238211290
040 ## - CATALOGING SOURCE
Original cataloging agency NYP
Language of cataloging eng
Transcribing agency NYP
Description conventions rda
Modifying agency DLC
-- OCLCF
-- DLC
042 ## - AUTHENTICATION CODE
Authentication code lccopycat
050 00 - LIBRARY OF CONGRESS CALL NUMBER
Classification number BX945.3
Item number .C35 2019
100 1# - MAIN ENTRY--PERSONAL NAME
Personal name Calvo Zarraute, Gabriel.
245 10 - TITLE STATEMENT
Title Verdades y mitos de la Iglesia Católica :
Remainder of title la historia contra la mentira /
Statement of responsibility, etc. Gabriel Calvo Zarraute ; prólogo, Pío Moa.
250 ## - EDITION STATEMENT
Edition statement Primera edición.
264 #1 - PRODUCTION, PUBLICATION, DISTRIBUTION, MANUFACTURE, AND COPYRIGHT NOTICE
Place of production, publication, distribution, manufacture San Sebastián de los Reyes, Madrid :
Name of producer, publisher, distributor, manufacturer Editorial Actas,
Date of production, publication, distribution, manufacture, or copyright notice May 2019.
300 ## - PHYSICAL DESCRIPTION
Extent 623 pages ;
Dimensions 25 cm.
336 ## - CONTENT TYPE
Content type term text
Source rdacontent
337 ## - MEDIA TYPE
Media type term unmediated
Source rdamedia
338 ## - CARRIER TYPE
Carrier type term volume
Source rdacarrier
490 0# - SERIES STATEMENT
Series statement Actas historia
504 ## - BIBLIOGRAPHY, ETC. NOTE
Bibliography, etc. note Includes bibliographical references.
610 20 - SUBJECT ADDED ENTRY--CORPORATE NAME
Corporate name or jurisdiction name as entry element Catholic Church
General subdivision History.
610 27 - SUBJECT ADDED ENTRY--CORPORATE NAME
Corporate name or jurisdiction name as entry element Catholic Church.
Source of heading or term fast
Authority record control number or standard number (OCoLC)fst00531720
650 #0 - SUBJECT ADDED ENTRY--TOPICAL TERM
Topical term or geographic name entry element Church history.
650 #7 - SUBJECT ADDED ENTRY--TOPICAL TERM
Topical term or geographic name entry element Church history.
Source of heading or term fast
Authority record control number or standard number (OCoLC)fst00860740
655 #7 - INDEX TERM--GENRE/FORM
Genre/form data or focus term History.
Source of term fast
Authority record control number or standard number (OCoLC)fst01411628
700 1# - ADDED ENTRY--PERSONAL NAME
Personal name Moa, Pío.
906 ## - LOCAL DATA ELEMENT F, LDF (RLIN)
a 7
b cbc
c copycat
d 3
e ncip
f 20
g y-gencatlg
925 0# -
-- acquire
-- 1 shelf copy
-- policy default
955 ## - COPY-LEVEL INFORMATION (RLIN)
-- be07 2021-09-10 (telework)
923 ## -
-- 20190530
-- 213092
-- SP-BaPL
985 ## -
-- VENDOR LOAD
Holdings
Withdrawn status Lost status Damaged status Not for loan Home library Current library Shelving location Date acquired Total checkouts Full call number Barcode Date last seen Price effective from Koha item type
        Institut Protestant de Théologie Institut Protestant de Théologie General stacks 22/03/2026   BX945.3 LOC-IPT-00034 22/03/2026 22/03/2026 Books